| Tag |
First Indicator |
Second Indicator |
Subfields |
| LEADER |
00000cas a2200000 a 4500 |
| 001 |
in00000027436 |
| 005 |
20161219162255.0 |
| 008 |
760620d19071911msugr s0 0eng c |
| 010 |
|
|
|a sn 87028605
|
| 035 |
|
|
|a (OCoLC)ocm02264246
|
| 040 |
|
|
|a PIT
|b eng
|c PIT
|d NYG
|d DLC
|d IUL
|d OCLCQ
|d OCLCF
|d OCLCO
|
| 029 |
1 |
|
|a AU@
|b 000025825066
|
| 042 |
|
|
|a pcc
|
| 043 |
|
|
|a n-us-ms
|
| 090 |
|
|
|a QE129
|b .A24
|
| 092 |
|
|
|a 557
|b M678a
|
| 049 |
|
|
|a TXAM
|
| 110 |
1 |
|
|a Mississippi.
|b Geological Survey Commission.
|
| 245 |
1 |
0 |
|a Biennial report of the Mississippi Geological Survey Commission.
|
| 264 |
|
1 |
|a Nashville, Tenn. :
|b Press of Brandon Print. Co.,
|c 1908-
|
| 300 |
|
|
|a 2 volumes ;
|c 23 cm.
|
| 310 |
|
|
|a Biennial
|
| 336 |
|
|
|a text
|b txt
|2 rdacontent
|
| 337 |
|
|
|a unmediated
|b n
|2 rdamedia
|
| 338 |
|
|
|a volume
|b nc
|2 rdacarrier
|
| 362 |
1 |
|
|a Began with: 1st [1906/07].
|
| 362 |
1 |
|
|a Ceased with: 3rd (1909/11).
|
| 515 |
|
|
|a No 2nd report issued; 3rd report covers this period also.
|
| 650 |
|
0 |
|a Geology
|z Mississippi
|v Periodicals.
|
| 650 |
|
0 |
|a Petroleum
|z Mississippi
|v Periodicals.
|
| 650 |
|
7 |
|a Geology.
|2 fast
|0 (OCoLC)fst00940627
|
| 650 |
|
7 |
|a Petroleum.
|2 fast
|0 (OCoLC)fst01059260
|
| 651 |
|
7 |
|a Mississippi.
|2 fast
|0 (OCoLC)fst01207034
|
| 655 |
|
7 |
|a Periodicals.
|2 fast
|0 (OCoLC)fst01411641
|
| 776 |
0 |
8 |
|i Online version:
|a Mississippi. Geological Survey Commission.
|t Biennial report of the Mississippi Geological Survey Commission
|w (OCoLC)612244357
|
| 785 |
0 |
0 |
|a Mississippi State Geological Survey.
|t Biennial report of the Director of the State Geological Survey to the Mississippi Legislature
|w (DLC) 91649452
|w (OCoLC)1672823
|
| 850 |
|
|
|a N
|
| 994 |
|
|
|a C0
|b TXA
|
| 949 |
|
|
|a updated
|b h
|c 2016/9/14
|e coplinger
|f 12:15:47 pm
|
| 999 |
f |
f |
|s 492e02c0-4197-301d-b04a-5b9f6e3b6faa
|i 6c26ca46-e1d5-3254-8818-eea5ee3b4456
|t 0
|
| 952 |
f |
f |
|a Texas A&M University
|b J.J. Pickle Campus
|c High Density Repository
|d Remote Storage
|t 0
|e QE129 .A24
|h Library of Congress classification
|
| 998 |
f |
f |
|a QE129 .A24
|s 1st [1906/1907]
|t 0
|l Remote Storage
|